La gestión informática en los municipios
保存先:
| 第一著者: | |
|---|---|
| その他の著者: | |
| フォーマット: | 図書 |
| 言語: | スペイン語 |
| 出版事項: |
Valparaíso
Universidad de Playa Ancha de Ciencias de la Educación
1991
|
| 主題: | |
| タグ: |
タグ追加
タグなし, このレコードへの初めてのタグを付けませんか!
|
MARC
| LEADER | 00000nam a2200000 a 4500 | ||
|---|---|---|---|
| 001 | UCQ1180 | ||
| 003 | CL-VaPUC | ||
| 008 | 980709e19910000CL |||||||||||||||||spa|d | ||
| 082 | 0 | 4 | |a 320.83 |b ESC |2 21 |
| 100 | 0 | |a Escalante G., Eduardo |e author |9 414837 | |
| 700 | |a Hevia Rodríguez, Luis Fernando |e autor |9 426591 | ||
| 245 | 1 | 3 | |a La gestión informática en los municipios |
| 300 | |a 252 p | ||
| 942 | |c BK | ||
| 945 | |d 19980709 00:00:00 |a cmena | ||
| 260 | |a Valparaíso |b Universidad de Playa Ancha de Ciencias de la Educación |c 1991 | ||
| 650 | 0 | |a Municipalidades |9 255557 | |
| 650 | 0 | |a Gobierno local |9 258648 | |
| 650 | 0 | |a Administración pública |9 255343 | |
| 650 | 0 | |a Aplicaciones de computadores |9 260401 | |
| 650 | 0 | |a Informática |9 260044 | |
| 650 | 0 | |a Operaciones administrativas |9 335045 | |
| 650 | 0 | |a Gestión |9 260993 | |
| 583 | |a last modification |c 19980709 00:00:00 |k Rodrigo Vera | ||
| 999 | |c 272184 |d 272182 | ||
| 952 | |0 0 |1 0 |4 0 |6 320_830000000000000_ESC_1991 |7 0 |8 P |9 307059 |a BIBGIM |b BIBGIM |d 2019-11-20 |i 1437011 |o 320.83 ESC 1991 |p 1437011 |r 2025-01-15 |w 2019-11-20 |y BK |k COM | ||
| 952 | |0 0 |1 0 |4 0 |6 320_830000000000000_ESC_1991 |7 0 |8 P |9 307060 |a BIBGIM |b BIBGIM |d 2019-11-20 |i 143702K |o 320.83 ESC 1991 |p 143702K |r 2025-01-15 |w 2019-11-20 |y BK |k COM | ||